Statistics for Jackbox Games Party Packs Quiz

Click here to take the quiz!

General Stats

  • This quiz has been taken 19 times
  • The average score is 55 of 80

Answer Stats

QuestionTileSelect?% Correct
games with any kind of drawing featureZeeple Dome
100%
games with any kind of drawing featureGuesspionage
100%
games that can support at least 8 playersBomb Corp.
100%
games with any kind of drawing featureJoke Boat
100%
games that feature GeneYDKJ 2015
100%
games that feature GeneBidiots
100%
games with any kind of drawing featureQuiplash 2
100%
games with any kind of drawing featureDictionarium
100%
games that can support at least 8 playersYDKJ 2015
100%
games that feature GeneDrawful 2
100%
games that feature GeneTrivia Murder Party
100%
games with any kind of drawing featureEarwax
100%
games with any kind of drawing featureYDKJ 2015
100%
games that can support at least 8 playersZeeple Dome
100%
games with Cookie Masterson as the hostQuiplash XL
93%
games with Cookie Masterson as the hostPush the Button
93%
games with Cookie Masterson as the hostRole Models
93%
games with Cookie Masterson as the hostMad Verse City
93%
games with Cookie Masterson as the hostDictionarium
93%
games with Cookie Masterson as the hostQuiplash 2
93%
games with Cookie Masterson as the hostTee K.O.
93%
games with a family friendly optionYDKJ 2015
93%
games that feature GeneFibbage 3
93%
games that feature GeneSplit the Room
93%
games that can support at least 8 playersRole Models
93%
games that feature GeneBomb Corp.
93%
games that feature GeneWord Spud
93%
games that feature GeneEverybody Help Grandma
93%
games with Cookie Masterson as the hostSurvive the Internet
93%
games that feature GeneFibbage 2
93%
games that feature GeneCivic Doodle
93%
games with a family friendly optionYDKJ: Full Stream
87%
games with Cookie Masterson as the hostTrivia Murder Party 2
87%
games that feature GeneMonster Seeking Monster
87%
games that can support at least 8 playersBidiots
87%
games with Cookie Masterson as the hostTrivia Murder Party
87%
games with a family friendly optionWord Spud
87%
games with a family friendly optionQuiplash 2
87%
games that can support at least 8 playersFakin' It
80%
games that can support at least 8 playersMonster Seeking Monster
80%
games with a family friendly optionTrivia Murder Party 2
73%
games with a family friendly optionQuiplash XL
67%
games that can support at least 8 playersFibbage 3
60%
games that can support at least 8 playersCivic Doodle
60%
games with any kind of drawing featureTee K.O.
60%
games that can support at least 8 playersBracketeering
60%
games that can support at least 8 playersPush the Button
53%
games with a family friendly optionSplit the Room
53%
games that feature GeneMad Verse City
53%
games that can support at least 8 playersTee K.O.
53%
games with a family friendly optionMad Verse City
53%
games with any kind of drawing featureCivic Doodle
53%
games with Cookie Masterson as the hostFibbage 2
53%
games with a family friendly optionJoke Boat
47%
games with any kind of drawing featureDrawful 2
47%
games with a family friendly optionSurvive the Internet
47%
games that feature GeneSurvive the Internet
47%
games with Cookie Masterson as the hostFibbage XL
47%
games with a family friendly optionFibbage 3
47%
games with Cookie Masterson as the hostYDKJ: Full Stream
47%
games with Cookie Masterson as the hostYDKJ 2015
47%
games with any kind of drawing featurePatently Stupid
47%
games that can support at least 8 playersGuesspionage
47%
games that can support at least 8 playersDrawful
47%
games with a family friendly optionDrawful 2
40%
games with Cookie Masterson as the hostFibbage 3
40%
games with any kind of drawing featureTrivia Murder Party 2
40%
games with any kind of drawing featureTrivia Murder Party
40%
games with any kind of drawing featurePush the Button
40%
games that can support at least 8 playersEarwax
33%
games with any kind of drawing featureBidiots
33%
games with a family friendly optionGuesspionage
33%
games with Cookie Masterson as the hostFakin' It
33%
games with a family friendly optionFibbage 2
33%
games that can support at least 8 playersYDKJ: Full Stream
33%
games with a family friendly optionRole Models
27%
games with any kind of drawing featureRole Models
7%
games with a family friendly optionPush the Button
7%
games that feature GeneJoke Boat
7%
games that feature GenePatently Stupid
7%

Score Distribution

Percentile by Number Answered

Percent of People with Each Score

Your Score History

You have not taken this quiz